| 000 | 01543nab a2200229 i 4500 | ||
|---|---|---|---|
| 001 | 768714001 | ||
| 003 | CO-MdFUSB | ||
| 005 | 20240618155535.0 | ||
| 008 | 240618t1991 us ||||| |||| 00| 0 eng d | ||
| 040 |
_bspa _cCO-MdFUSB _dCO-MdFUSB |
||
| 041 | _aeng | ||
| 100 |
_aPickard, William M. Jr., _eautor |
||
| 245 |
_aA universal theology of religion? _c/William M. Pickard, Jr. |
||
| 520 | _aEl hecho de una pluralidad de religiones implica para muchos teólogos cristianos que debemos desarrollar una “teología universal de la religión” basada en el relativismo. Este artículo rechaza el relativismo y cuestiona si puede haber una “teología” universal cuando las creencias y valores de algunas religiones en realidad no son teístas. De hecho, las religiones como partes de la cultura son relativas entre sí. Sin embargo, este artículo sostiene que los absolutos son esenciales en toda vida y que aferrarse a absolutos religiosos no implica actitudes de superioridad siempre que estemos abiertos a reconocer y respetar absolutos contradictorios con los que no estamos de acuerdo y a dialogar con quienes sostienen esos absolutos opuestos. absolutos. | ||
| 546 | _aTexto en inglés. | ||
| 650 | 7 |
_aAnálisis transcultural _97076 |
|
| 650 | 7 |
_aAntropología cultural y social _96714 |
|
| 650 | 7 |
_aReligiones _9386 |
|
| 773 | 0 |
_049486 _982782 _d Pasadena _oR2657 _tMissiology: _w(CO-MdFUSB)97 _gVolumen 19, (número 2, 1991) páginas: 143 - 152 _qpágina: 143 |
|
| 942 | _cANA | ||
| 945 | _aCatherine Arias Álvarez - Practicante SENA | ||
| 999 |
_c70269 _d70269 |
||